[SPA] Animales - Statistiques

Statistiques générales
  • Ce quiz a été pris 48 fois
    20 depuis la dernière actualisation
  • Le résultat moyen est 13 sur 33
Statistiques - réponses
Francés Español % Correct
Chat Gato
100%
Chien Perro
92%
Cheval Caballo
67%
Lion Leòn
67%
Lapin Conejo
50%
Elephant Elefante
50%
Serpent Serpiente / Vibora
50%
Tigre Tigre
50%
Anaconda Anaconda
42%
Baleine Ballena
42%
Poule Gallina
42%
Hamster Hàmster
42%
Fourmi Hormiga
42%
Girafe Jirafa
42%
Oiseau Pàjaro
42%
Antilope Antilope
33%
Âne Burrò / Mula
33%
Castor Castor
33%
Perroquet Loro / papagayo / perico
33%
Singe Mono
33%
Ours Oso
33%
Poisson Pez
33%
Souris Ratòn / Rata
33%
Alligator Aligàtor / Caimàn
25%
Araignée Araña
25%
Requin Tiburòn
25%
Aigle Àguila
17%
Ecureuil Ardilla
17%
Autruche Avestruz
17%
Chameau Camello
17%
Tortue Tortuga
17%
Biche Ciervo / Cierva
8%
Sanglier Cerdo
0%
Aucun quiz correspondant
Distribution des résultats
% des personnes avec chaque résultat
Percentile par nombre de réponses
Votre historique - résultats
Vous n’avez pas pris ce quiz depuis la dernière actualisation